Ideas competition '84 for the improvement of Parliament Square, London (Record no. 95573)

MARC details
000 -LEADER
fixed length control field 00916cam a2200241 4500
001 - CONTROL NUMBER
control field D3437
008 - FIXED-LENGTH DATA ELEMENTS--GENERAL INFORMATION
fixed length control field 1984 bo g
035 ## - SYSTEM CONTROL NUMBER
System control number (Sirsi) u73320
041 0# - LANGUAGE CODE
Language code of text/sound track or separate title eng
050 04 - LIBRARY OF CONGRESS CALL NUMBER
Classification number 720.942132 $2 18
110 2# - MAIN ENTRY--CORPORATE NAME
Corporate name or jurisdiction name as entry element Elsom Pack and Roberts
9 (RLIN) 204
245 00 - TITLE STATEMENT
Title Ideas competition '84 for the improvement of Parliament Square, London
Remainder of title promoted with the co-operation of the Royal Institute of British Architects
260 ## - PUBLICATION, DISTRIBUTION, ETC.
Place of publication, distribution, etc. London
Name of publisher, distributor, etc. Elsom Pack and Roberts
Date of publication, distribution, etc. 1984
300 ## - PHYSICAL DESCRIPTION
Extent 1
Type of unit folder
Other physical details ill, maps
Dimensions 32cm
350 ## - PRICE (NR) (BK AM CF MU VM SE) [OBSOLETE]
Price 0
520 ## - SUMMARY, ETC.
Summary, etc. Pack setting out the terms of a competition for the redesign of Parliament Square. Includes the assessors' report.
650 24 - SUBJECT ADDED ENTRY--TOPICAL TERM
Topical term or geographic name entry element 12 GREAT GEORGE STREET
651 #4 - SUBJECT ADDED ENTRY--GEOGRAPHIC NAME
Geographic name WESTMINSTER
690 ## - LOCAL SUBJECT ADDED ENTRY--TOPICAL TERM (OCLC, RLIN)
Topical term or geographic name as entry element ABOUT RICS-RICS OFFICES-RICS HEAD OFFICES-RICS PARLIAMENT SQUARE
710 2# - ADDED ENTRY--CORPORATE NAME
Corporate name or jurisdiction name as entry element Royal Institute of British Architects
9 (RLIN) 2527
942 ## - ADDED ENTRY ELEMENTS (KOHA)
Suppress in OPAC 0
948 ## - LOCAL PROCESSING INFORMATION (OCLC); SERIES PART DESIGNATOR (RLIN)
c (OCLC) 04/03/1997
Holdings
Withdrawn status Lost status Source of classification or shelving scheme Damaged status Not for loan Home library Current library Shelving location Date acquired Total Checkouts Full call number Barcode Date last seen Copy number Price effective from Koha item type
    Dewey Decimal Classification     London London Basement 14/09/1999   SHELF 324 30020432 06/08/2019 1 06/08/2019 Book